[Event "MEX-ch 26 (Women)"]
[Site "Merida"]
[Date "2019.05.15"]
[Round "4"]
[White "Trejo Arroyo, Alejandra St"]
[Black "Diaz Osorio, Ana Carolina"]
[Result "1/2-1/2"]
[WhiteElo "1309"]
[BlackElo "1612"]
[PlyCount "79"]
[EventDate "2019.05.12"]
[EventType "swiss"]
[EventRounds "6"]
[EventCountry "MEX"]
[SourceTitle "EXT 2020"]
[Source "ChessBase"]
[SourceDate "2019.10.17"]
[SourceVersion "1"]
[SourceVersionDate "2019.10.17"]
[SourceQuality "1"]

1. e4 e5 2. Nf3 Nc6 3. Bb5 a6 4. Ba4 Nf6 5. 0-0 b5 6. Bb3 d6 7. c3 Be7 8. h3 Na5 9. Bc2 c5 10. d4 Qc7 11. b3 0-0 12. Bb2 Nc6 13. Re1 Bb7 14. Nbd2 Rfc8 15. d5 Nd8 16. c4 Ne8 17. Nh2 g6 18. Rf1 Ng7 19. f4 exf4 20. Rxf4 Bg5 21. Rf3 Qe7 22. Qe1 Rc7 23. g3 Bc8 24. h4 Bxd2 25. Qxd2 f5 26. Re1 Qf8 27. e5 dxe5 28. Rxe5 Nf7 29. Re1 Raa7 30. Rfe3 Re7 31. Nf3 Rxe3 32. Qxe3 Qd6 33. Kg2 Nh5 34. Qe8+ Qf8 35. Qxf8+ Kxf8 36. Kf2 f4 37. Ne5 Re7 38. Nxf7 Rxe1 39. Kxe1 Kxf7 40. Be5 1/2-1/2